El Libro de teatro en Cataluña / por Xavier Fàbregas, Profesor del Instituto del Teatro
Publicado:
San Jorge, núm. 90 - 91 (2n i 3r trimestre 1973), pàg 57 - 64 :
MARC
| LEADER | 00000nam a2200000Ia 4500 | ||
|---|---|---|---|
| 003 | BGR | ||
| 005 | 20260324175816.0 | ||
| 008 | 160829s9999 xx 000 0 cat d | ||
| 100 | 1 | |a Fàbregas, Xavier, |d 1931-1985 |9 50443 | |
| 245 | |a El Libro de teatro en Cataluña / por Xavier Fàbregas, Profesor del Instituto del Teatro | ||
| 260 | |a San Jorge, núm. 90 - 91 (2n i 3r trimestre 1973), pàg 57 - 64 | ||
| 650 | |a Teatre (Gènere literari) |x Catalunya |x Història |9 41992 | ||
| 650 | |a Adaptacions teatrals |9 41993 | ||
| 710 | 1 | |a Institut del Teatre (Barcelona, Catalunya) |9 52662 | |
| 901 | |a Arxiu | ||
| 942 | |n 1 |2 udc |c MON | ||
| 952 | |0 0 |1 0 |4 0 |7 1 |9 50595 |a Arxiu |b Arxiu |d 2016-12-01 |l 0 |r 2016-12-01 00:00:00 |w 2016-12-01 |y ARXIU | ||
| 999 | |c 54437 |d 54437 | ||